Online Catalogue and eLibrary

An introduction to discourse analysis : (Record no. 2992)

MARC details
000 -LEADER
fixed length control field 00457nam a2200181Ia 4500
005 - DATE AND TIME OF LATEST TRANSACTION
control field 20240814021252.0
008 - FIXED-LENGTH DATA ELEMENTS--GENERAL INFORMATION
fixed length control field 240331s9999 xx 000 0 und d
020 ## - INTERNATIONAL STANDARD BOOK NUMBER
ISBN 0415211867
082 ## - DDC Classification
Item Number - Author Mark Gee
Class No. 401
100 ## - MAIN ENTRY--PERSONAL NAME
Personal name Gee, James Paul
245 #3 - TITLE STATEMENT
Title An introduction to discourse analysis :
Remainder of title Theory and Method
260 ## - PUBLICATION, DISTRIBUTION, ETC.
Place of publication, distribution, etc. London
Name of publisher, distributor, etc. Routledge
Date of publication, distribution, etc. 1999
300 ## - PHYSICAL DESCRIPTION
Extent (e.g. Volumes, Pages etc.) viii, 176 p .,
650 ## - SUBJECT ADDED ENTRY--TOPICAL TERM
Topical term or geographic name entry element Politics
650 ## - SUBJECT ADDED ENTRY--TOPICAL TERM
Topical term or geographic name entry element Social
650 ## - SUBJECT ADDED ENTRY--TOPICAL TERM
Topical term or geographic name entry element Cultural
942 ## - Koha item type (Biblio)
Koha item type Books in Stacks (Lending)
Holdings
Lost status Damaged status Collection code Home library Current library Shelving location Date acquired Full call number Accession Number Item type
    Lending WERC Library WERC Library Social Science Cupboard 03/31/2024 401 Gee 4414 Books in Stacks (Lending)

© WERC Library